5HLuxD.jpg

KING HENRY VIII SENIOR AND PRIMARY SCHOOL LIBRARY OPAC

The Saturday big tent wedding party / (Record no. 3651)

000 -LEADER
fixed length control field 01486cam a2200349 a 4500
001 - CONTROL NUMBER
control field 16598318
003 - CONTROL NUMBER IDENTIFIER
control field OSt
005 - DATE AND TIME OF LATEST TRANSACTION
control field 20240424090329.0
008 - FIXED-LENGTH DATA ELEMENTS--GENERAL INFORMATION
fixed length control field 110104s2011 nyu 000 1 eng
010 ## - LIBRARY OF CONGRESS CONTROL NUMBER
LC control number 2010054099
020 ## - INTERNATIONAL STANDARD BOOK NUMBER
International Standard Book Number 9780349123134
035 ## - SYSTEM CONTROL NUMBER
System control number (OCoLC)ocn646113573
040 ## - CATALOGING SOURCE
Original cataloging agency DLC
Language of cataloging eng
Transcribing agency DLC
Modifying agency IG#
-- BTCTA
-- YDXCP
-- UPZ
-- MPL
-- GPI
-- HQC
-- DLC
-- KH8
043 ## - GEOGRAPHIC AREA CODE
Geographic area code f-bs---
082 ## - DEWEY DECIMAL CLASSIFICATION NUMBER
Classification number FIC MCC
100 1# - MAIN ENTRY--PERSONAL NAME
Personal name McCall Smith, Alexander,
Dates associated with a name 1948-
Relator term author.
245 14 - TITLE STATEMENT
Title The Saturday big tent wedding party /
Statement of responsibility, etc. Alexander McCall Smith.
250 ## - EDITION STATEMENT
Edition statement 1st U.S. ed.
260 ## - PUBLICATION, DISTRIBUTION, ETC.
Place of publication, distribution, etc. New York :
Name of publisher, distributor, etc. Pantheon Books,
Date of publication, distribution, etc. 2011.
300 ## - PHYSICAL DESCRIPTION
Extent 213 p. ;
Dimensions 25 cm.
490 1# - SERIES STATEMENT
Series statement No. 1 Ladies' Detective Agency series
520 ## - SUMMARY, ETC.
Summary, etc. Hoping to reclaim a van that was featured in a possible prophetic dream, Precious and Grace find themselves helping an apprentice of Phuti Radiphuti, investigating a cattle poisoning, and considering Grace's possible marriage to Phuti.
600 10 - SUBJECT ADDED ENTRY--PERSONAL NAME
Personal name Ramotswe, Precious
Titles and other words associated with a name (Fictitious character)
Form subdivision Fiction.
650 #0 - SUBJECT ADDED ENTRY--TOPICAL TERM
Topical term or geographic name entry element Women private investigators
Geographic subdivision Botswana
Form subdivision Fiction.
650 #0 - SUBJECT ADDED ENTRY--TOPICAL TERM
Topical term or geographic name entry element Weddings
Geographic subdivision Botswana
Form subdivision Fiction.
650 #0 - SUBJECT ADDED ENTRY--TOPICAL TERM
Topical term or geographic name entry element No. 1 Ladies' Detective Agency (Imaginary organization)
Form subdivision Fiction.
651 #0 - SUBJECT ADDED ENTRY--GEOGRAPHIC NAME
Geographic name Botswana
General subdivision Social life and customs
Form subdivision Fiction.
655 #7 - INDEX TERM--GENRE/FORM
Genre/form data or focus term Mystery fiction.
Source of term gsafd
710 2# - ADDED ENTRY--CORPORATE NAME
Corporate name or jurisdiction name as entry element Gene Berry and Jeffrey Campbell Collection
Institution to which field applies DLC
800 1# - SERIES ADDED ENTRY--PERSONAL NAME
Personal name McCall Smith, Alexander,
Dates associated with a name 1948-
Title of a work No. 1 Ladies Detective Agency series.
942 ## - ADDED ENTRY ELEMENTS (KOHA)
Source of classification or shelving scheme
Koha item type Books - Fiction
Holdings
Withdrawn status Lost status Source of classification or shelving scheme Damaged status Not for loan Collection code Permanent Location Current Location Shelving location Date acquired Full call number Barcode Date last seen Price effective from Koha item type
          Fiction KH8 Senior School Library KH8 Senior School Library Fiction 2024-04-24 FIC MCC 3KHSL000102039 2024-07-22 2024-04-24 Books - Fiction

Powered By KH8 IT Dept